Word Ladder: Jazz Legend Quiz Stats

 Plays Quiz Updated Jun 29, 2019

Score 0/20 Timer 02:30
0 Plays Today
Hint 5-Letter Word % Correct
Color of the lower right chessboard squareWHITE
90.9%
ComplainWHINE
86.3%
Fight on horsebackJOUST
86.2%
RadiateSHINE
85.1%
___ not, want notWASTE
84%
PigsSWINE
83.8%
Pour liquid over meat while cookingBASTE
82.2%
Hinge, pivot, or ball and socketJOINT
80.7%
Ceiling support beamJOIST
80.3%
‘40s jazz styleSWING
79.7%
Hint 5-Letter Word % Correct
Bad English vocalist JohnWAITE
77%
Enumerate*COUNT*
72.2%
GistPOINT
68%
Weatherproof a house, perhapsPAINT
64.1%
PrickSTING
62.1%
Creature of proverbial patienceSAINT
54.3%
With first rung, composer of “One O’Clock Jump”*BASIE*
52.3%
Period of timeSTINT
49.3%
SourceFOUNT
35.1%
“Top Gear” cohost TannerFOUST
34.9%

Today's Daily Dose

Missing Word
Celine Dion

Word Ladder
Dr. Seuss Books

Quick Pick
Cities in India

Get the Picture
'A' Actresses

You're not logged in!

Compare scores with friends on all Sporcle quizzes.
OR
Log In

Sporcle TV

Today on Sporcle TV


Watch our educational content, quiz creation guides, and fun videos on Sporcle TV.

Show Comments

Extras

Top Quizzes Today


Score Distribution

Your Account Isn't Verified!

In order to create a playlist on Sporcle, you need to verify the email address you used during registration. Go to your Sporcle Settings to finish the process.

Report this User

Report this user for behavior that violates our Community Guidelines.

Details: